| 000 | 00373nam a2200157Ia 4500 | ||
|---|---|---|---|
| 008 | 230312s9999||||xx |||||||||||||| ||und|| | ||
| 020 | _a9788120330214 | ||
| 082 |
_a621.3819 _bDIG-W |
||
| 100 | _aWakeryly, John F. | ||
| 245 | 0 | _aDigital Design | |
| 260 |
_bPrintice Hall of India _aIndia _c2007 |
||
| 300 | _a895 | ||
| 546 | _aEng. | ||
| 650 | _aEngineering | ||
| 942 | _cBK | ||
| 999 |
_c3967 _d3967 |
||